[Event "ITA-ch C"]
[Site "Civitanova Marche"]
[Date "2012.07.19"]
[Round "5"]
[White "Faini, Marco"]
[Black "Battistelli, Alessandro"]
[Result "1/2-1/2"]
[WhiteElo "1908"]
[BlackElo "1963"]
[PlyCount "48"]
[EventDate "2012.07.15"]
[EventType "swiss"]
[EventRounds "8"]
[EventCountry "ITA"]
[SourceTitle "EXT 2023"]
[Source "ChessBase"]
[SourceDate "2022.10.05"]
[SourceVersion "1"]
[SourceVersionDate "2022.10.05"]
[SourceQuality "1"]

1. c4 e5 2. g3 Nc6 3. Bg2 Nf6 4. Nc3 Bb4 5. e4 d6 6. d3 Bxc3+ 7. bxc3 0-0 8. Ne2 Be6 9. f4 exf4 10. Nxf4 Bg4 11. Qc2 Ne5 12. 0-0 Bd7 13. Nd5 Nxd5 14. cxd5 Qc8 15. c4 Bh3 16. d4 Bxg2 17. Kxg2 Ng6 18. a3 Qd7 19. Bb2 Rfe8 20. Rae1 f6 21. Re2 Nh8 22. Rfe1 Nf7 23. e5 fxe5 24. dxe5 dxe5 1/2-1/2

[Event "Rome Cittadino La Lupa"]
[Site "Rome"]
[Date "2011.05.27"]
[Round "5"]
[White "Russo, Roberto"]
[Black "Battistelli, Alessandro"]
[Result "0-1"]
[WhiteElo "1858"]
[BlackElo "1896"]
[PlyCount "76"]
[EventDate "2011.05.05"]
[EventType "swiss"]
[EventRounds "7"]
[EventCountry "ITA"]
[SourceTitle "EXT 2024"]
[Source "ChessBase"]
[SourceDate "2023.10.10"]
[SourceVersion "1"]
[SourceVersionDate "2023.10.10"]
[SourceQuality "1"]

1. e4 e6 2. d4 d5 3. e5 c5 4. c3 Nc6 5. Nf3 Qb6 6. Be2 cxd4 7. cxd4 Nge7 8. Nc3 Nf5 9. Na4 Bb4+ 10. Bd2 Qa5 11. Bc3 b5 12. a3 Bxc3+ 13. Nxc3 a6 14. g4 Nfe7 15. Bd3 Bd7 16. 0-0 Ng6 17. Bxg6 hxg6 18. Qd3 Rh6 19. Nd2 Qd8 20. Nf3 Qe7 21. Rac1 Kf8 22. Ne2 f6 23. Nf4 Qf7 24. h4 fxe5 25. g5 e4 26. Qd2 Rh8 27. Rxc6 exf3 28. Rc7 Rxh4 29. Rxd7 Rg4+ 30. Kh2 Qxd7 31. Nxg6+ Kg8 32. Ne5 Qc7 33. Rc1 Rxd4 34. Qe3 Rc4 35. Rxc4 bxc4 36. g6 Rf8 37. Kh3 Rf6 38. Qd4 Rf5 0-1

[Event "Rome Cittadino La Lupa"]
[Site "Rome"]
[Date "2011.05.16"]
[Round "3"]
[White "Capparelli, Stefano"]
[Black "Battistelli, Alessandro"]
[Result "0-1"]
[WhiteElo "1614"]
[BlackElo "1896"]
[PlyCount "148"]
[EventDate "2011.05.05"]
[EventType "swiss"]
[EventRounds "7"]
[EventCountry "ITA"]
[SourceTitle "EXT 2024"]
[Source "ChessBase"]
[SourceDate "2023.10.10"]
[SourceVersion "1"]
[SourceVersionDate "2023.10.10"]
[SourceQuality "1"]

1. e4 e6 2. d4 d5 3. exd5 exd5 4. Nf3 Bd6 5. Nc3 c6 6. Be2 Ne7 7. 0-0 0-0 8. Bg5 f6 9. Be3 Re8 10. Bd3 Bf5 11. Re1 Nd7 12. Qd2 Qc7 13. Ne2 Nf8 14. Bf4 Nfg6 15. Bxd6 Qxd6 16. Ng3 Bxd3 17. Qxd3 Nf4 18. Qd2 Neg6 19. Rxe8+ Rxe8 20. Re1 Re6 21. Rxe6 Qxe6 22. Qe1 Kf7 23. Kf1 Qd6 24. c3 b6 25. Nf5 Qd7 26. N5h4 Qe7 27. Qxe7+ Nxe7 28. Ne1 c5 29. g3 Ne6 30. Nhf3 cxd4 31. cxd4 g5 32. Nc2 Nc6 33. Ne3 Nc7 34. Nf5 Ne6 35. Ne3 Nc7 36. Nf5 h5 37. h3 Kg6 38. Ne3 Ne7 39. Ke2 Nf5 40. Nxf5 Kxf5 41. Ke3 Ne8 42. Ne1 Nd6 43. b3 Ne4 44. Nd3 a5 45. b4 a4 46. Nb2 b5 47. Nd1 Nd6 48. Nc3 Ke6 49. Kd3 f5 50. f3 g4 51. hxg4 f4 52. Ne2 fxg3 53. Nxg3 h4 54. Nf1 h3 55. Nh2 Nc8 56. f4 Ne7 57. Ke3 Nc6 58. a3 Nxb4 59. f5+ Kf6 60. Kf4 Nd3+ 61. Ke3 Ne1 62. Kd2 Ng2 63. Kc3 Kg5 64. Kb4 Ne3 65. Kxb5 Nxg4 66. Nf1 Kxf5 67. Kxa4 Ke4 68. Kb5 Ne3 69. Nh2 Kxd4 70. a4 Nc4 71. Nf3+ Kc3 72. Kc5 Nd2 73. Nh2 d4 74. a5 Nb3+ 0-1

[Event "Rome Nobile Memorial 4th"]
[Site "Rome"]
[Date "2011.02.23"]
[Round "6"]
[White "Russo, Roberto"]
[Black "Battistelli, Alessandro"]
[Result "0-1"]
[WhiteElo "1872"]
[BlackElo "1849"]
[PlyCount "86"]
[EventDate "2011.01.13"]
[EventType "swiss"]
[EventRounds "7"]
[EventCountry "ITA"]
[SourceTitle "EXT 2012"]
[Source "ChessBase"]
[SourceDate "2011.11.24"]
[SourceVersion "1"]
[SourceVersionDate "2011.11.24"]
[SourceQuality "1"]

1. e4 e6 2. d4 d5 3. e5 c5 4. c3 Nc6 5. Nf3 Qb6 6. Be2 cxd4 7. cxd4 Nge7 8. b3 Nf5 9. Bb2 Bb4+ 10. Kf1 Be7 11. g4 Nh4 12. Nxh4 Bxh4 13. f4 g5 14. Qd2 h6 15. Na3 a6 16. Nc2 f6 17. Bf3 fxe5 18. fxe5 Rf8 19. Kg2 Bd7 20. Ba3 Rf4 21. Bc5 Qa5 22. Qxa5 Nxa5 23. Bb6 Rc8 24. Na3 Rc3 25. Rhf1 Nc6 26. Be2 Re3 27. Rxf4 gxf4 28. Bf3 Rd3 29. Rd1 Rxd1 30. Bxd1 Nb4 31. g5 Bxg5 32. Bh5+ Kf8 33. Bc5+ Be7 34. Bxe7+ Kxe7 35. Kf3 Nxa2 36. Kxf4 Nc1 37. Bd1 Nd3+ 38. Ke3 Nb4 39. Nb1 Be8 40. Nc3 b6 41. h4 b5 42. Be2 Nc2+ 43. Kd3 Bg6+ 0-1

[Event "Rome Nobile Memorial 4th"]
[Site "Rome"]
[Date "2011.01.25"]
[Round "3"]
[White "Battistelli, Alessandro"]
[Black "Condemi de Felice, Alfonso"]
[Result "1-0"]
[WhiteElo "1849"]
[BlackElo "1904"]
[PlyCount "75"]
[EventDate "2011.01.13"]
[EventType "swiss"]
[EventRounds "7"]
[EventCountry "ITA"]
[SourceTitle "EXT 2012"]
[Source "ChessBase"]
[SourceDate "2011.11.24"]
[SourceVersion "1"]
[SourceVersionDate "2011.11.24"]
[SourceQuality "1"]

1. e4 g6 2. d4 Bg7 3. Nc3 d6 4. Be3 Nd7 5. Qd2 c6 6. Nf3 Ngf6 7. Bh6 0-0 8. Bxg7 Kxg7 9. 0-0-0 b5 10. e5 Ne8 11. h4 h5 12. Bd3 dxe5 13. Nxe5 Nxe5 14. dxe5 Nc7 15. Be4 Qxd2+ 16. Rxd2 b4 17. Na4 Nd5 18. Nc5 e6 19. Rd4 Rb8 20. Bd3 Re8 21. g4 hxg4 22. Rxg4 Ne7 23. Rg5 Rh8 24. Rg4 Rh5 25. f4 Nf5 26. Ne4 Bb7 27. Nc5 Ba8 28. Bxf5 exf5 29. Rg5 Rxg5 30. hxg5 Rb5 31. Nd7 Rd5 32. Nf6 Rd8 33. Rh7+ Kf8 34. Rh8+ Ke7 35. Rxd8 Kxd8 36. Kd2 Bb7 37. Kd3 a5 38. Kd4 1-0

[Event "Rome La Lupa op"]
[Site "Rome"]
[Date "2010.05.27"]
[Round "5"]
[White "Battistelli, Alessandro"]
[Black "Maurizio, Antonio"]
[Result "0-1"]
[WhiteElo "1886"]
[BlackElo "1866"]
[PlyCount "40"]
[EventDate "2010.05.09"]
[EventType "swiss"]
[EventRounds "7"]
[EventCountry "ITA"]
[SourceTitle "EXT 2024"]
[Source "ChessBase"]
[SourceDate "2023.10.10"]
[SourceVersion "1"]
[SourceVersionDate "2023.10.10"]
[SourceQuality "1"]

1. e4 e6 2. d4 d5 3. Nc3 Nf6 4. Bg5 Be7 5. e5 Nfd7 6. Bxe7 Qxe7 7. f4 a6 8. Nf3 c5 9. Qd2 Nc6 10. dxc5 Qxc5 11. Bd3 b5 12. 0-0-0 Nb6 13. Rde1 Nc4 14. Bxc4 bxc4 15. Ne2 Rb8 16. Ned4 Nb4 17. a3 c3 18. Qe2 Na2+ 19. Kd1 cxb2 20. Kd2 Qc3+ 0-1

[Event "Rome La Lupa op"]
[Site "Rome"]
[Date "2010.05.27"]
[Round "4"]
[White "Vannelli, Vittorio"]
[Black "Battistelli, Alessandro"]
[Result "1/2-1/2"]
[WhiteElo "1810"]
[BlackElo "1886"]
[PlyCount "68"]
[EventDate "2010.05.09"]
[EventType "swiss"]
[EventRounds "7"]
[EventCountry "ITA"]
[SourceTitle "EXT 2024"]
[Source "ChessBase"]
[SourceDate "2023.10.10"]
[SourceVersion "1"]
[SourceVersionDate "2023.10.10"]
[SourceQuality "1"]

1. e4 e6 2. Nc3 d5 3. f4 c5 4. Nf3 Nc6 5. Bb5 Nge7 6. exd5 exd5 7. 0-0 a6 8. Bxc6+ Nxc6 9. Ne5 Nxe5 10. fxe5 Be6 11. d3 Be7 12. Qf3 0-0 13. Bd2 Qd7 14. Qg3 Kh8 15. Ne2 f6 16. exf6 Bxf6 17. d4 Qb5 18. Rae1 cxd4 19. Nf4 Bf7 20. Ne6 Bxe6 21. Rxe6 Rae8 22. Qd6 Rd8 23. Qb6 Qd7 24. Bb4 Rfe8 25. Rd6 Qc8 26. Rdxf6 gxf6 27. Qxf6+ Kg8 28. Rf3 Re4 29. Rg3+ Rg4 30. Rxg4+ Qxg4 31. Qxd8+ Kg7 32. Qc7+ Kg6 33. Qd6+ Kf7 34. Qe7+ Kg6 1/2-1/2

[Event "Asti Alfieri Memorial 5th"]
[Site "Asti"]
[Date "2010.04.18"]
[Round "5"]
[White "Battistelli, Alessandro"]
[Black "Roversi, Stefano"]
[Result "0-1"]
[WhiteElo "1930"]
[BlackElo "1806"]
[PlyCount "48"]
[EventDate "2010.04.16"]
[EventType "swiss"]
[EventRounds "5"]
[EventCountry "ITA"]
[SourceTitle "EXT 2024"]
[Source "ChessBase"]
[SourceDate "2023.10.10"]
[SourceVersion "1"]
[SourceVersionDate "2023.10.10"]
[SourceQuality "1"]

1. d4 Nf6 2. c4 g6 3. Nc3 Bg7 4. e4 d6 5. Nf3 0-0 6. Be2 e5 7. 0-0 Nc6 8. d5 Ne7 9. b4 Nd7 10. Ba3 f5 11. Nd2 Nf6 12. f3 f4 13. c5 g5 14. Nc4 Rf7 15. cxd6 cxd6 16. b5 Ne8 17. Bb4 Ng6 18. a4 Bf8 19. a5 h5 20. b6 a6 21. Rc1 Rg7 22. Qb3 g4 23. Kf2 Qh4+ 24. Kg1 g3 0-1

[Event "Frascati Santa Cecilia op 2nd"]
[Site "Frascati"]
[Date "2009.11.22"]
[Round "5"]
[White "Tersigni, Andrea"]
[Black "Battistelli, Alessandro"]
[Result "1-0"]
[WhiteElo "2153"]
[BlackElo "1900"]
[PlyCount "87"]
[EventDate "2009.11.20"]
[EventType "swiss"]
[EventRounds "5"]
[EventCountry "ITA"]
[SourceTitle "EXT 2012"]
[Source "ChessBase"]
[SourceDate "2011.11.24"]
[SourceVersion "1"]
[SourceVersionDate "2011.11.24"]
[SourceQuality "1"]

1. f4 d5 2. Nf3 Nf6 3. e3 e6 4. b3 c5 5. Bb2 Nc6 6. d3 Bd7 7. g3 Be7 8. Bh3 Qb6 9. Qe2 c4 10. Kf2 cxd3 11. cxd3 Rc8 12. Rc1 0-0 13. Nbd2 Nb4 14. a3 Na6 15. b4 Rc7 16. Bd4 Qb5 17. a4 Qxb4 18. Rcb1 Qa5 19. Nb3 Qb4 20. Nc5 Bxc5 21. Rxb4 Bxb4 22. Ne5 Rfc8 23. Ra2 Bxa4 24. Kg1 Rc1+ 25. Bf1 Bd1 26. Qg2 Bc3 27. Bxa7 Nb4 28. Rf2 Ra8 29. Bd4 Bxd4 30. exd4 Raa1 31. h3 Nc2 32. Nc4 b5 33. Nd2 Ne3 34. Qh1 b4 35. g4 b3 36. g5 Nh5 37. f5 Ng3 38. Qh2 Nexf1 39. Rxf1 Ne2+ 40. Kf2 Rc8 41. Nxb3 Nxd4 42. Rxd1 Nxb3 43. Rxa1 Nxa1 44. Qe5 1-0

[Event "Rome d'Inverno op"]
[Site "Rome"]
[Date "2009.02.07"]
[Round "2"]
[White "Battistelli, Alessandro"]
[Black "Benocci, Umiliano"]
[Result "1-0"]
[WhiteElo "1854"]
[BlackElo "1592"]
[PlyCount "113"]
[EventDate "2009.02.06"]
[EventType "swiss"]
[EventRounds "5"]
[EventCountry "ITA"]
[SourceTitle "EXT 2011"]
[Source "ChessBase"]
[SourceDate "2010.11.26"]
[SourceVersion "1"]
[SourceVersionDate "2010.11.26"]
[SourceQuality "1"]

1. e4 e6 2. d4 d5 3. Nc3 dxe4 4. Nxe4 Bd7 5. c4 Bc6 6. Qd3 Bxe4 7. Qxe4 c6 8. Nf3 Nf6 9. Qd3 Bb4+ 10. Bd2 Bxd2+ 11. Qxd2 0-0 12. Bd3 Nbd7 13. 0-0 Qc7 14. Rac1 Qd6 15. Rfd1 Rfd8 16. d5 exd5 17. cxd5 cxd5 18. Qa5 b6 19. Qa6 Nc5 20. Qb5 Nxd3 21. Rxd3 Rac8 22. Rdc3 Rxc3 23. Rxc3 h6 24. Qa6 Qb8 25. Nd4 Re8 26. g3 Re1+ 27. Kg2 Kh7 28. Rc8 Qe5 29. Nf3 Qe4 30. Qxa7 Ng4 31. Qxf7 Ne5 32. Qf4 Nxf3 33. Qxf3 Re2 34. Qxe4+ dxe4 35. b4 Rxa2 36. Rc4 Re2 37. Kf1 Rd2 38. Rxe4 Rd5 39. Ke2 Kg8 40. h4 Kf7 41. Ke3 Rd1 42. Rc4 Rd6 43. Ke4 Kf6 44. Rd4 Re6+ 45. Kd5 Re5+ 46. Kc6 Re2 47. Rf4+ Ke5 48. Kxb6 g5 49. hxg5 hxg5 50. Rf3 g4 51. Rf4 Rb2 52. b5 Ke6 53. Rxg4 Rxf2 54. Kb7 Rf5 55. b6 Rf7+ 56. Ka6 Rf8 57. Ra4 1-0

[Event "ITA-ch U20"]
[Site "Bratto"]
[Date "2006.08.24"]
[Round "6"]
[White "Battistelli, Alessandro"]
[Black "Taglione, Stefano"]
[Result "1/2-1/2"]
[WhiteElo "1872"]
[BlackElo "1667"]
[PlyCount "73"]
[EventDate "2006.08.19"]
[EventType "swiss"]
[EventRounds "9"]
[EventCountry "ITA"]
[SourceTitle "CBM 113 Extra"]
[Source "ChessBase"]
[SourceDate "2006.09.14"]
[SourceVersion "1"]
[SourceVersionDate "2006.09.14"]
[SourceQuality "1"]

1. d4 d5 2. Nf3 Nf6 3. c4 e6 4. Bg5 Nbd7 5. Nc3 Be7 6. e3 0-0 7. Bd3 c6 8. 0-0 Re8 9. Rc1 Qa5 10. cxd5 exd5 11. a3 Nf8 12. Ne5 Ne4 13. Nxe4 dxe4 14. Bxe7 Rxe7 15. Bxe4 f6 16. Nc4 Qg5 17. Bb1 Bg4 18. f4 Qh4 19. Qe1 Qxe1 20. Rfxe1 Rae8 21. h3 Bh5 22. g4 Bf7 23. Nd6 Rd8 24. Nxf7 Kxf7 25. f5 Nd7 26. Ba2+ Kf8 27. Be6 Nb6 28. Red1 Nd5 29. Kf2 Nc7 30. Ba2 Rde8 31. Re1 Nb5 32. a4 Nd6 33. Be6 Ne4+ 34. Kg2 Ng5 35. h4 Nxe6 36. fxe6 Rxe6 37. Kf3 1/2-1/2

[Event "ITA-ch U20"]
[Site "Bratto"]
[Date "2005.08.20"]
[Round "1"]
[White "Andreoni, Giuseppe"]
[Black "Battistelli, Alessandro"]
[Result "1/2-1/2"]
[WhiteElo "1983"]
[BlackElo "1655"]
[PlyCount "34"]
[EventDate "2005.08.20"]
[EventType "swiss"]
[EventRounds "9"]
[EventCountry "ITA"]
[SourceTitle "EXT 2006"]
[Source "ChessBase"]
[SourceDate "2005.11.24"]
[SourceVersion "1"]
[SourceVersionDate "2005.11.24"]
[SourceQuality "1"]

1. e4 e5 2. Nf3 Nc6 3. Bb5 a6 4. Ba4 b5 5. Bb3 Nf6 6. 0-0 d6 7. Re1 Na5 8. d4 Nxb3 9. axb3 exd4 10. e5 dxe5 11. Qxd4 Qxd4 12. Nxd4 Bd6 13. Bf4 0-0 14. Bxe5 Re8 15. Nf3 Bxe5 16. Rxe5 Bb7 17. Nbd2 Bxf3 1/2-1/2